[Event "Berlin Lichtenberger op 18th"]
[Site "Berlin"]
[Date "2019.08.23"]
[Round "7"]
[White "Mueller, Johannes1111"]
[Black "Fricke, Janek Konrad"]
[Result "0-1"]
[WhiteElo "1760"]
[BlackElo "1536"]
[PlyCount "70"]
[EventDate "2019.08.17"]
[EventType "swiss"]
[EventRounds "9"]
[EventCountry "GER"]
[SourceTitle "EXT 2020"]
[Source "ChessBase"]
[SourceDate "2019.10.17"]
[SourceVersion "1"]
[SourceVersionDate "2019.10.17"]
[SourceQuality "1"]

1. e4 c5 2. Nc3 Nc6 3. f4 d6 4. Nf3 Nf6 5. Bb5 Bd7 6. 0-0 e6 7. d3 Be7 8. h3 h6 9. Kh1 Nh5 10. Kh2 Nf6 11. g4 Qc7 12. Ne2 a6 13. Bxc6 Qxc6 14. c4 g5 15. fxg5 hxg5 16. Kg2 Nh7 17. Ng3 0-0-0 18. Bd2 Rdf8 19. b4 f5 20. bxc5 dxc5 21. Ne5 Qd6 22. Ng6 Bf6 23. Rb1 Be5 24. Rf3 fxg4 25. Rxf8+ Rxf8 26. Nxf8 gxh3+ 27. Kxh3 Nxf8 28. Qf3 Bxg3 29. Qxg3 g4+ 30. Kxg4 e5+ 31. Kh4 Qf6+ 32. Qg5 Qf2+ 33. Kh5 Be8+ 34. Kh6 Qh2+ 35. Kg7 Ne6+ 0-1

[Event "GER-ch U25-B"]
[Site "Willingen"]
[Date "2019.06.09"]
[Round "1"]
[White "Thumm, Felix"]
[Black "Fricke, Janek Konrad"]
[Result "1-0"]
[WhiteElo "1836"]
[BlackElo "1561"]
[PlyCount "139"]
[EventDate "2019.06.08"]
[EventType "swiss"]
[EventRounds "9"]
[EventCountry "GER"]
[SourceTitle "CBM 191 Extra"]
[Source "ChessBase"]
[SourceDate "2019.09.30"]
[SourceVersion "1"]
[SourceVersionDate "2019.09.30"]
[SourceQuality "1"]

1. d4 d5 2. Nf3 Nf6 3. e3 e6 4. Bd3 b6 5. Nbd2 Bb7 6. b3 Bd6 7. Bb2 Nbd7 8. 0-0 0-0 9. Ne5 Ne4 10. Nxd7 Qxd7 11. f3 Nxd2 12. Qxd2 c5 13. c4 Qc7 14. h3 h6 15. Rac1 Qe7 16. Qc3 dxc4 17. dxc5 Qg5 18. cxd6 cxd3 19. Qxd3 Rfc8 20. e4 Rc5 21. Rxc5 Qxc5+ 22. Kh1 Rd8 23. Rd1 e5 24. Bc3 a5 25. a3 f6 26. b4 axb4 27. Bxb4 Qc6 28. Qb3+ Kh8 29. Rd2 Qd7 30. Rc2 Bc6 31. Qc4 Rc8 32. Qa6 b5 33. Qb6 Kh7 34. Kg1 Kh8 35. Kf2 Kh7 36. h4 g6 37. g3 Kg7 38. Ke3 h5 39. Rf2 Qf7 40. Rd2 Qd7 41. Rg2 Qf7 42. g4 Bd7 43. gxh5 Qb3+ 44. Kf2 Rc2+ 45. Kg3 Rxg2+ 46. Kxg2 gxh5 47. Qd8 Qf7 48. Kf2 Qa2+ 49. Kg3 Qf7 50. Qe7 Qxe7 51. dxe7 Kf7 52. Kf2 Be8 53. Ke3 Ke6 54. Kd3 Kd7 55. Kc3 Kc7 56. Bc5 Kc6 57. Kb4 Kb7 58. Be3 Kc7 59. Bh6 Kd6 60. Bf8 Ke6 61. Kc5 Bd7 62. Kb6 Kf7 63. Kc7 Ke8 64. Kd6 Bh3 65. Bg7 Bg2 66. Bxf6 Bxf3 67. Kxe5 Kd7 68. Kd5 Be2 69. Kc5 Bc4 70. a4 1-0

[Event "Berlin Lichtenberger op 17th"]
[Site "Berlin"]
[Date "2018.08.24"]
[Round "7"]
[White "Fricke, Janek Konrad"]
[Black "Kujawa, Werner"]
[Result "0-1"]
[WhiteElo "1485"]
[BlackElo "1726"]
[PlyCount "49"]
[EventDate "2018.08.18"]
[EventType "swiss"]
[EventRounds "9"]
[EventCountry "GER"]
[SourceTitle "CBM 186 Extra"]
[Source "ChessBase"]
[SourceDate "2018.08.24"]
[SourceVersion "1"]
[SourceVersionDate "2018.08.24"]
[SourceQuality "1"]

1. e4 c5 2. d4 cxd4 3. c3 d3 4. Bxd3 Nc6 5. Nf3 d6 6. h3 Nf6 7. c4 e6 8. Nc3 a6 9. 0-0 Be7 10. Be3 0-0 11. Rc1 b6 12. Na4 Nd7 13. a3 Nc5 14. Nxc5 dxc5 15. Bb1 Qc7 16. Qc2 e5 17. Rcd1 Nd4 18. Bxd4 cxd4 19. b4 Be6 20. Ba2 Rfc8 21. Rc1 a5 22. Rb1 axb4 23. axb4 f6 24. Rfc1 Qd7 25. Qd3 0-1

[Event "Berlin Lichtenberger op 17th"]
[Site "Berlin"]
[Date "2018.08.23"]
[Round "6"]
[White "Toth, Hans Juergen"]
[Black "Fricke, Janek Konrad"]
[Result "0-1"]
[WhiteElo "1452"]
[BlackElo "1485"]
[PlyCount "82"]
[EventDate "2018.08.18"]
[EventType "swiss"]
[EventRounds "9"]
[EventCountry "GER"]
[SourceTitle "CBM 186 Extra"]
[Source "ChessBase"]
[SourceDate "2018.08.24"]
[SourceVersion "1"]
[SourceVersionDate "2018.08.24"]
[SourceQuality "1"]

1. f4 c5 2. Nf3 Nf6 3. e3 a6 4. b3 d6 5. Bb2 e6 6. Be2 Be7 7. 0-0 Nc6 8. Na3 b5 9. c4 b4 10. Nc2 0-0 11. d4 Qc7 12. dxc5 dxc5 13. Ne5 Bb7 14. Nxc6 Bxc6 15. Bf3 Rad8 16. Qe2 Ne4 17. Bxe4 Bxe4 18. Ne1 Qc6 19. Qg4 f6 20. Nf3 Bf5 21. Qg3 Rd3 22. Qf2 Qe4 23. Nh4 Rxe3 24. Rae1 Rxe1 25. Rxe1 Qd3 26. Nxf5 Qxf5 27. g3 Re8 28. Qe2 Bd6 29. Kg2 e5 30. Qd2 Qe6 31. f5 Qe7 32. Qd5+ Kf8 33. Re4 Rd8 34. a3 Bc7 35. Qc6 Rd2+ 36. Kh3 Rxb2 37. Qa8+ Qe8 38. Qd5 Qh5+ 39. Rh4 Qxf5+ 40. Rg4 Qf1+ 41. Kh4 Rxh2# 0-1

[Event "Berlin Lichtenberger op 17th"]
[Site "Berlin"]
[Date "2018.08.21"]
[Round "4"]
[White "Wolff, Marie Antoinette"]
[Black "Fricke, Janek Konrad"]
[Result "1-0"]
[WhiteElo "1780"]
[BlackElo "1485"]
[PlyCount "95"]
[EventDate "2018.08.18"]
[EventType "swiss"]
[EventRounds "9"]
[EventCountry "GER"]
[SourceTitle "CBM 186 Extra"]
[Source "ChessBase"]
[SourceDate "2018.08.24"]
[SourceVersion "1"]
[SourceVersionDate "2018.08.24"]
[SourceQuality "1"]

1. d4 d5 2. c4 e6 3. Nc3 Nf6 4. Nf3 c5 5. e3 Be7 6. Bd2 Nc6 7. cxd5 Nxd5 8. Bb5 0-0 9. Bxc6 bxc6 10. 0-0 cxd4 11. Nxd4 c5 12. Nc6 Qc7 13. Nxe7+ Nxe7 14. Rc1 Ba6 15. Re1 Bd3 16. Na4 c4 17. Bb4 Rfd8 18. Qf3 Nd5 19. Ba3 Rac8 20. Red1 Nb6 21. Nxb6 axb6 22. Bb4 b5 23. a3 Qc6 24. Qg3 Bg6 25. h3 Qb6 26. Kh2 Rxd1 27. Rxd1 Rd8 28. Bd6 Qc6 29. Be7 Re8 30. Bb4 Be4 31. Rd6 Qc7 32. f3 Bd3 33. Bc3 Bg6 34. Be5 f6 35. Bc3 e5 36. Bb4 Rd8 37. Ra6 Qb7 38. Re6 Qd5 39. Rb6 Rd7 40. e4 Qd4 41. Rxb5 Qxb2 42. Qg4 Qd4 43. Qe6+ Bf7 44. Qc6 Be8 45. Rb8 Kf7 46. Qc8 Kg6 47. Qxe8+ Kh6 48. Qe6 1-0

[Event "GER-ch U25-B"]
[Site "Willingen"]
[Date "2017.06.08"]
[Round "7"]
[White "Fricke, Janek Konrad"]
[Black "Ebeling, Gereon"]
[Result "0-1"]
[WhiteElo "1297"]
[BlackElo "1413"]
[PlyCount "68"]
[EventDate "2017.06.04"]
[EventType "swiss"]
[EventRounds "9"]
[EventCountry "GER"]
[SourceTitle "CBM 178 Extra"]
[Source "ChessBase"]
[SourceDate "2017.06.22"]
[SourceVersion "1"]
[SourceVersionDate "2017.06.22"]
[SourceQuality "1"]

1. e4 e5 2. Nf3 Nc6 3. Bc4 Bc5 4. d3 Nf6 5. c3 0-0 6. Bb3 d5 7. Nbd2 dxe4 8. dxe4 Bg4 9. 0-0 Bh5 10. h3 Qd6 11. Re1 Rad8 12. Nc4 Bxf2+ 13. Kxf2 Qc5+ 14. Be3 Nxe4+ 15. Ke2 Rxd1 16. Bxc5 Rxe1+ 17. Kxe1 Nxc5 18. g4 Nxb3 19. axb3 Bg6 20. Kf2 Re8 21. Re1 e4 22. Nfd2 Ne5 23. Nxe5 Rxe5 24. Ke3 Re6 25. h4 h6 26. Re2 Kf8 27. Kf4 Ke7 28. Nxe4 Bxe4 29. Rxe4 Rxe4+ 30. Kxe4 Kf6 31. Ke3 g5 32. h5 Ke5 33. Kf3 f5 34. Kg3 f4+ 0-1

[Event "GER-chT U10"]
[Site "Magdeburg"]
[Date "2014.12.29"]
[Round "7.2"]
[White "Fricke, Janek Konrad"]
[Black "Kahlsdorf, Hendrik"]
[Result "1/2-1/2"]
[WhiteElo "1225"]
[BlackElo "1051"]
[PlyCount "52"]
[EventDate "2014.12.27"]
[EventType "team-swiss"]
[EventRounds "7"]
[EventCountry "GER"]
[SourceTitle "EXT 2016"]
[Source "ChessBase"]
[SourceDate "2015.10.08"]
[SourceVersion "1"]
[SourceVersionDate "2015.10.08"]
[SourceQuality "1"]
[WhiteTeam "Berlin Schachunion"]
[BlackTeam "Braunschweig"]
[WhiteTeamCountry "GER"]
[BlackTeamCountry "GER"]

1. e4 d5 2. exd5 Qxd5 3. Nc3 Qa5 4. Bc4 Nf6 5. Nf3 Bf5 6. 0-0 e6 7. a3 Nbd7 8. d4 Be7 9. Re1 0-0 10. d5 Rad8 11. dxe6 fxe6 12. Bxe6+ Bxe6 13. Rxe6 Nc5 14. Qe1 Nxe6 15. Qxe6+ Rf7 16. Ng5 Rdf8 17. Nxf7 Rxf7 18. Bg5 Qxg5 19. Qc8+ Bf8 20. Re1 h6 21. Qxb7 Re7 22. Rd1 Qe5 23. Rf1 c5 24. Qc6 Rc7 25. Qb5 Qe8 26. Qc4+ Qf7 1/2-1/2

[Event "GER-chT U10"]
[Site "Magdeburg"]
[Date "2014.12.28"]
[Round "3.2"]
[White "Fricke, Janek Konrad"]
[Black "Rissel, Silas"]
[Result "1-0"]
[WhiteElo "1225"]
[BlackElo "1019"]
[PlyCount "27"]
[EventDate "2014.12.27"]
[EventType "team-swiss"]
[EventRounds "7"]
[EventCountry "GER"]
[SourceTitle "EXT 2016"]
[Source "ChessBase"]
[SourceDate "2015.10.08"]
[SourceVersion "1"]
[SourceVersionDate "2015.10.08"]
[SourceQuality "1"]
[WhiteTeam "Berlin Schachunion"]
[BlackTeam "Halle Volksbank"]
[WhiteTeamCountry "GER"]
[BlackTeamCountry "GER"]

1. e4 e5 2. Nf3 Nc6 3. Bc4 Nf6 4. d3 d6 5. c3 Bg4 6. Nbd2 Bxf3 7. Nxf3 Ng4 8. Ng5 Qf6 9. Qxg4 Be7 10. Bxf7+ Kd8 11. Ne6+ Kc8 12. Bg6 Qxg6 13. Nc5+ Kd8 14. Qd7# 1-0

[Event "GER-chT U10"]
[Site "Magdeburg"]
[Date "2014.12.27"]
[Round "1.2"]
[White "Fricke, Janek Konrad"]
[Black "Landgraf, Arthur"]
[Result "1-0"]
[WhiteElo "1225"]
[BlackElo "797"]
[PlyCount "57"]
[EventDate "2014.12.27"]
[EventType "team-swiss"]
[EventRounds "7"]
[EventCountry "GER"]
[SourceTitle "EXT 2016"]
[Source "ChessBase"]
[SourceDate "2015.10.08"]
[SourceVersion "1"]
[SourceVersionDate "2015.10.08"]
[SourceQuality "1"]
[WhiteTeam "Berlin Schachunion"]
[BlackTeam "Berlin Schachunion II"]
[WhiteTeamCountry "GER"]
[BlackTeamCountry "GER"]

1. e4 c5 2. d3 d5 3. Nd2 e6 4. g3 Nc6 5. Bg2 Nf6 6. Ngf3 g6 7. 0-0 Bg7 8. Re1 0-0 9. Nf1 dxe4 10. dxe4 Qxd1 11. Rxd1 Nxe4 12. Be3 b6 13. N3d2 f5 14. Nxe4 fxe4 15. Bxe4 Bb7 16. Rd7 Rab8 17. Bf4 Ne5 18. Bxb7 Rf7 19. Rxf7 Kxf7 20. Bg2 Rd8 21. Ne3 Bf6 22. b3 g5 23. Bxe5 Bxe5 24. Rd1 Rxd1+ 25. Nxd1 Kf6 26. Ne3 g4 27. Nxg4+ Kf5 28. Nxe5 Kxe5 29. Kf1 1-0

[Event "GER-chT U10"]
[Site "Magdeburg"]
[Date "2014.12.27"]
[Round "2.2"]
[White "Grunert, Friedrich"]
[Black "Fricke, Janek Konrad"]
[Result "0-1"]
[WhiteElo "1320"]
[BlackElo "1225"]
[PlyCount "78"]
[EventDate "2014.12.27"]
[EventType "team-swiss"]
[EventRounds "7"]
[EventCountry "GER"]
[SourceTitle "EXT 2016"]
[Source "ChessBase"]
[SourceDate "2015.10.08"]
[SourceVersion "1"]
[SourceVersionDate "2015.10.08"]
[SourceQuality "1"]
[WhiteTeam "Muenchen Suedost"]
[BlackTeam "Berlin Schachunion"]
[WhiteTeamCountry "GER"]
[BlackTeamCountry "GER"]

1. e4 c5 2. Nf3 Nc6 3. d4 cxd4 4. Nxd4 g6 5. Be3 Bg7 6. Nc3 Nf6 7. Qd2 d5 8. Bd3 dxe4 9. Nxe4 Nxe4 10. Nxc6 Nxd2 11. Nxd8 Bxb2 12. Rb1 Nxb1 13. 0-0 Nc3 14. Nxf7 Kxf7 15. f4 Nxa2 16. f5 Bf6 17. fxg6+ hxg6 18. Bc4+ Be6 19. Bd3 b6 20. Be4 Rad8 21. Bg5 Kg7 22. Bxf6+ exf6 23. Rf3 Nb4 24. Rg3 f5 25. Bd3 Nxd3 26. cxd3 a5 27. h3 a4 28. d4 Rxd4 29. Ra3 b5 30. Kf2 Rb4 31. Ke2 Rd8 32. g4 fxg4 33. hxg4 Rb3 34. Rxb3 axb3 35. g5 b2 36. Kf2 Bg8 37. Ke3 b1Q 38. Kf2 Qc2+ 39. Ke1 Rd1# 0-1

[Event "GER-chT U10"]
[Site "Magdeburg"]
[Date "2013.12.28"]
[Round "3.1"]
[White "Fricke, Janek Konrad"]
[Black "Kamp, Adrian"]
[Result "0-1"]
[WhiteElo "900"]
[BlackElo "998"]
[PlyCount "76"]
[EventDate "2013.12.27"]
[EventType "team-swiss"]
[EventRounds "5"]
[EventCountry "GER"]
[SourceTitle "EXT 2015"]
[Source "ChessBase"]
[SourceDate "2014.11.20"]
[SourceVersion "1"]
[SourceVersionDate "2014.11.20"]
[SourceQuality "1"]
[WhiteTeam "Berlin Schachunion"]
[BlackTeam "Muenster"]
[WhiteTeamCountry "GER"]
[BlackTeamCountry "GER"]

1. e4 c5 2. d4 cxd4 3. c3 dxc3 4. Nxc3 d6 5. Bc4 e6 6. Nf3 Nf6 7. 0-0 Qc7 8. b3 a6 9. a4 Nc6 10. Ba3 Be7 11. b4 Bd7 12. b5 Na5 13. Ba2 Qxc3 14. e5 Qxa3 15. exf6 Bxf6 16. Nd4 Qc5 17. Nxe6 Bxa1 18. Nxc5 Be5 19. Bxf7+ Kxf7 20. Nxd7 Rhd8 21. Nxe5+ dxe5 22. Qh5+ Kg8 23. Qxe5 Re8 24. Qd5+ Kh8 25. Rd1 h6 26. h3 Kh7 27. Qf5+ Kh8 28. Qf3 Kh7 29. b6 Nc6 30. Qf5+ Kh8 31. Qf3 Red8 32. Qg4 Rxd1+ 33. Qxd1 Rd8 34. Qf3 Re8 35. Qc3 Rd8 36. Qc1 Re8 37. g4 Nd4 38. Qc3 Ne2+ 0-1